Statistiken für Österreichs Nachbarländer mit leerer Karte

Klicken Sie hier um das Quiz zu spielen!

Allgemein

  • Dieses Quiz wurde 753 mal gespielt
  • Das Durchschnittsergebnis liegt bei 8 aus 8

Antworten auf der Karte

Die Antworten werden auf der Karte rot bzw. grün angezeigt, abhängig davon wie oft sie richtig erraten wurden.
 

Antwortstatistiken

Land% Korrekt
Schweiz
100%
Deutschland
99%
Italien
98%
Tschechien
98%
Slowenien
96%
Ungarn
96%
Liechtenstein
95%
Slowakei
95%

Verteilung der Resultate

Perzentil nach korrekt beantworteten Fragen

Anzahl Personen mit jedem Resultat

Ihre Resultats-Entwicklung

Sie haben dieses Quiz noch nicht gespielt